000
00307nam a22001217a 4500
008
260423b |||||||| |||| 00| 0 eng d
082
_a
001333
100
_a
Tripathi, Ramasagar
245
_a
Dvanyaloka
_n
Vol1-2
260
_a
Delhi
_b
Delhi New Bharatiya Book Corporation
_c
2017
300
_a
304p
942
_2
ddc
999
_c
1288
_d
1288